000
00292cam a2200121ua 4500
082
_a
330.1
_b
ROL/EL
100
_a
Roll, Erich .
_9
1953
245
_a
Elements of Economic Theory /
250
_a
1 /
260
_a
London :
_b
Oxford University Press ,
_c
1955.
300
_a
276 ; .
942
_c
BK
999
_c
2078
_d
2078